Ratingové hodnotenie banky prostredníctvom systému Camels

Návrh postupu hodnotenia výkonnosti banky na základe jej kvalitatívnych a kvantitatívnych parametrov prostredníctvom analýzy Camels.

Uložené v:
Podrobná bibliografia
Hlavný autor: Dudáková, Nora
Médium: Kapitola
Jazyk:Slovak
Predmet:
Tagy: Pridať tag
Žiadne tagy, Buďte prvý, kto otaguje tento záznam!

MARC

LEADER 00000naa a2200000 4500
001 0141870
005 20240502072537.8
041 0 |a slo 
044 |a SK 
245 1 0 |a Ratingové hodnotenie banky prostredníctvom systému Camels  |c Nora Dudáková 
520 |a Návrh postupu hodnotenia výkonnosti banky na základe jej kvalitatívnych a kvantitatívnych parametrov prostredníctvom analýzy Camels. 
610 2 0 |a rating 
610 2 0 |a banky 
610 2 0 |a systémy informačné 
610 2 0 |a internet 
610 2 0 |a ukazovatele finančné 
610 2 0 |a úver 
610 2 0 |a štruktúra kapitálová 
610 2 0 |a primeranosť kapitálová 
100 1 |a Dudáková, Nora